000 00554nam a22001697a 4500
003 NUST
038 _aNusrat Nadeem
082 _a200
100 _aGhafoor, Muhammad Rehan
_9125091
245 _aDetection of Panic Attacks Using Machine Learning Models/
_cMuhammad Rehan Ghafoor,
264 _aIslamabad;
_bSEECS NUST;
_c2024.
300 _a71,p;
_bill;
_c30,cm.
650 _aMS- Information Technology
_926924
700 _aSupervisor: Dr. Farzana Jabeen
_9120299
856 _uhttp://10.250.8.41:8080/xmlui/handle/123456789/45340
942 _2ddc
_cSC
999 _c610845
_d610845